000 00559nam a2200181Ia 4500
003 GCL
008 140319s9999 xx 000 0 ara d
040 _aGCL /
_cGCL
082 0 4 _a657.45
_bا ا
100 1 _aامين السيد احمد لطفى
245 1 0 _aاجراءات واختبارات المراجعة /
_cامين السيد احمد لطفى
260 _a[S.N] :
_bدار النهضة العربية ،
_c1993
300 _a481 ص
490 _a
650 0 4 _aمراجعة الحسابات
650 0 4 _aالمحاسبة
942 _2ddc
_cBK
999 _c54079
_d54079